000 00547ntaaa2200205 4500
003 01
005 20251027200817.0
008 0714s1973 ag 01
040 _aAR-BaBN
_bspa
_cAR-BaBN
_eaacr
_dRIC
082 _a227.1 N44
100 _aNewell, William R.
_94471
245 _aEpístola a los Romanos /
_cWilliam R. Newell
250 _a1 ed.
260 _as/l :
_bCasa Bíblica de Los Angeles,
_c1949
300 _a457 p
500 _aversículo por versículo
650 _aBiblia-Nuevo Testamento-Romanos
650 _aRomanos
942 _cBK
999 _c2244
_d2244